00561nam a22001577a 450000500170000001000150001702000260003203500140005803700090007208200110008110000190009224500970011126000560020827001150026430000240037920220210141628.0 aENG-131501 a9788194879039c250.00 aEN-115033 bDBAD a332.63 aKamra, Pranjal aMint Your Money:bAn Easy Manual to Unlocking your wealth-creating potential/cPranjal Kamra aChennaibWestland Publication Private Limitedc2021 a1st Floor, A Block, East Wing, Plot No. 40 SP infocity, Dr. MGR Salai, Pergudi, KandanchavadibChennaie600096 ax, 191p.c20cm(pbk)